• 首页
  • 本馆介绍
  • 公告通知
  • 最新文献
  • 馆藏检索
  • 电子资源
  • 读者导购
  • 参考咨询
  • 我的图书馆
  • 登录
  • 详细信息显示
  • 放入我的书架
  • 预约/预借图书
  • 作者相关作品
  • 分类相关作品
  • 丛书相关作品
  • 出版社相关作品

书目信息

  • 表格格式
  • 工作单格式
  • 卡片格式
题名:
现代种植实用技术
    
 
作者: 胡龙兴 主编
分册:  
出版信息: 北京   中国农业出版社  2017.04
页数: 641页
开本: 26cm
丛书名:
单 册:
中图分类: S359
科图分类:
主题词: 种植--zhong zhi--技术培训--教材
电子资源:
ISBN: 978-7-109-22910-5
000 00842nam0 2200241 450
001 0109110156
005 20201109110337.0
010    @a978-7-109-22910-5@dCNY98.00
100    @a20181129e20192017em y0chiy50 ea
101 0  @achi
102    @aCN@b110000
105    @aa z 000yy
106    @ar
200 1  @a现代种植实用技术@Axian dai zhong zhi shi yong ji shu@f胡龙兴主编
210    @a北京@c中国农业出版社@d2017.04@h2019.11
215    @a641页@c图@d26cm
300    @a农业实用技术培训教材
330    @a本书共分七大部分,内容包括林果生产技术、蔬菜生产技术、中草药栽培技术、园林苗木培育及花卉生产技术、复合种养模式、农产品加工及农产品商品化处理技术和牧草生产技术。
606 0  @a种植@Azhong zhi@x技术培训@j教材
690    @aS359@v5
701  0 @a胡龙兴@Ahu long xing@4主编
801  0 @aCN@bBJSZM@c20201103
905    @b1240114-6@dS359@e82@f3
    
    现代种植实用技术/胡龙兴主编.-北京:中国农业出版社,2017.04(2019.11)
    641页:图;26cm
    农业实用技术培训教材
    
    ISBN 978-7-109-22910-5:CNY98.00
    本书共分七大部分,内容包括林果生产技术、蔬菜生产技术、中草药栽培技术、园林苗木培育及花卉生产技术、复合种养模式、农产品加工及农产品商品化处理技术和牧草生产技术。
●
相关链接 在E读中查询图书 在五车中查询图书 在当当中查询图书 在豆瓣中查询图书


正题名:现代种植实用技术     索取号:S359/82         预约/预借

序号 登录号 条形码 馆藏地/架位号 状态 备注
1 1240114   212401140   第二样本阅览室/ [索取号:S359/82] 在馆    
2 1240115   212401159   第三借阅区/ [索取号:S359/82] 在馆    
3 1240116   212401168   第三借阅区/ [索取号:S359/82] 在馆    
唐山师范学院图书馆 欢迎您!
大连网信软件有限公司© 版权所有